000 01004nam a22002417a 4500
005 20210325205333.0
008 s2553 th tha d
020 _a9786167312026
041 _atha
050 _aG465 ว815ภ 2553
100 0 _aโตมร ศุขปรีชา, ผู้แปล
245 1 0 _aภูมิศาสตร์แห่งความสุข = The Geography of bliss
260 3 _aกรุงเทพฯ :
_bจีเอ็ม บุ๊กส์,
_c2553
300 _a391 หน้า ;
_b 21ซม.
650 0 4 _aการท่องเที่ยว
650 0 4 _aวีนเนอร์, อีริค, ค.ศ. 1963 -- การเดินทาง
650 0 4 _aการเดินทาง
850 _aNALT
942 _cGB
997 _a38738 ฉ.1 / 38739 ฉ.2
997 _c000000000063253
998 _aนางสาวเบญจลักษณ์ สุทธิวิไล
999 _c63253
_d63253